000
00286nam a22001337a 4500
008
171005b xxu||||| |||| 00| 0 eng d
020
_a
9780716779261
041
_a
eng
080
_2
8TH
_a
159.9
100
_a
49
101
_a
PSI
245
_a
PSYCHOLOGY
_c
MYERS,D.G
942
_2
udc
_c
BK
999
_c
32014
_d
32014